| Tag |
First Indicator |
Second Indicator |
Subfields |
| LEADER |
00000cam a2200000Ia 4500 |
| 001 |
in00002061925 |
| 005 |
20151102051741.0 |
| 008 |
720630s1971 it abf b 100 0 ita c |
| 010 |
|
|
|a 70877042
|
| 035 |
|
|
|a (OCoLC)ocm00345998
|
| 040 |
|
|
|a CIN
|c CIN
|d OCL
|d OCLCQ
|d TXA
|d UtOrBLW
|
| 049 |
|
|
|a TXAM
|
| 090 |
|
|
|a CC77
|b .C66 1961
|
| 111 |
2 |
|
|a Congresso internazionale di archeologia sottomarina
|n (3rd :
|d 1961 :
|c Barcelona)
|
| 245 |
1 |
0 |
|a Atti del III Congresso internazionale di archeologia sottomarina. :
|b Barcellona, 1961.
|
| 264 |
|
1 |
|a Bordighera :
|b Istituto internazionale di studi liguri :
|b Museo Bicknell,
|c 1971.
|
| 300 |
|
|
|a 427 pages, 5 unnumbered folded leaves of plates :
|b illustrations, maps ;
|c 27 cm.
|
| 336 |
|
|
|a text
|b txt
|2 rdacontent
|
| 337 |
|
|
|a unmediated
|b n
|2 rdamedia
|
| 338 |
|
|
|a volume
|b nc
|2 rdacarrier
|
| 546 |
|
|
|a In French, German, Italian, or Spanish.
|
| 504 |
|
|
|a Includes bibliographical references.
|
| 536 |
|
|
|a Gift from Peter Throckmorton.
|
| 650 |
|
0 |
|a Underwater archaeology
|v Congresses.
|
| 710 |
2 |
|
|a Istituto internazionale di studi liguri.
|
| 948 |
|
|
|a cataloged
|b h
|c 2005/8/18
|d c
|e fpiscitelli
|f 3:35:58 pm
|
| 994 |
|
|
|a C0
|b TXA
|
| 999 |
|
|
|a MARS
|
| 999 |
f |
f |
|s 69c608fc-3062-340d-a9f1-69679d32c169
|i 2a956d27-0a4d-3713-ab2a-f4052dd94227
|t 0
|
| 952 |
f |
f |
|p noncirc
|a Texas A&M University
|b College Station
|c Sterling C. Evans Library
|d Bodrum (located in Turkey)
|t 0
|e CC77 .C66 1961
|h Library of Congress classification
|i unmediated -- volume
|
| 998 |
f |
f |
|a CC77 .C66 1961
|t 0
|l Bodrum (located in Turkey)
|